000 00530nam a2200181Ia 4500
005 20250508152131.0
008 008 250505s9999 xx 000 0 eng d
037 _aTextual
040 _aFEDL
_beng
_cFEDL
041 _aeng
_2eng
084 _a372.857 2, UNS
_qFEDL
100 _aUnstead R J
245 0 _aLooking at history : Britain form cavemen to teh present day
260 _aLondon, UK
_bA and C Black Ltd.
_c1957
300 _avii,351p
942 _cTEXL
_h372.857 2, UNS
999 _c1334476
_d1334476